00573nam a2200169 i 450000100060000000300090000600500170001500700030003200800410003510000260007624500760010226000450017830000220022385200210024599900170026695201200028336843ES-MaACL20230906155443.0t|030219s1904 fr ||||1| fre d1 aBouvier, Jean.93108610aNos bons cures b: leurs joyesetes! leurs péchés! / cJean Bouvier. aParis : b[s.n., c1904] (fPaul Dupont) a290 p. ; c19 cm. aES-MaACLjC-3038 c36843d36843 00104070aATENEOMbATENEOMcSPALd2008-01-17eSCl0oC-3038p1038746r2023-02-23 00:00:00w2023-02-23yMONOGRAFIA